000 00831nam a22002777a 4500
003 CHAP
005 20220329135742.0
008 971013s1958 r 00010 d
010 _a41500
011 _a42472
035 _a46601
040 _cCHAP
082 _a609
_bF6Y
100 0 0 _aForbes, R. J.
_942279
245 _aHistoria de la técnica
260 _aMéxico, D.F. :
_bFondo de Cultura Económica,
_c1958
300 _a389 p.
_b: ilus. ; láms.
590 _aBATCH-UPD
_b10
_c20130110
_lUCH01
_h1935
590 _aBATCH-UPD
_b10
_c20130410
_lUCH01
_h1259
590 _aBATCH-UPD
_b10
_c20130914
_lUCH01
_h1652
590 _aCONVERSION
_b10
_c20130109
_lUCH01
_h1323
650 1 4 _aTecnología
_xHistoria.
_9111950
901 _aBK
942 _cLIBRO
949 _a609 F6Y
_bBC
_cLIBRO
_d33724000011466
_eLIBRO
_h16944
_i46601
_mD
_si
999 _c41500
_d41500